Das Geld-Problem und die soziale Frage

Enregistré dans:
Détails bibliographiques
Format: Livre
Langue:allemand
Publié: Berlin Mitscher & Röstell 1894
Tags: Ajouter un tag
Pas de tags, Soyez le premier à ajouter un tag!

MARC

LEADER 00000nam a2200000 4500
001 0307431
005 20250303113552.2
041 0 |a ger 
044 |a DE 
245 1 0 |a Das Geld-Problem und die soziale Frage  |c Julius Hucke 
264 1 |a Berlin  |b Mitscher & Röstell  |c 1894